00466nam a2200169 a 450000100060000000300090000600800410001504000280005608200160008410000280010024500320012826000490016030000100020949000270021965000230024665000270026910848CO-ViMGA141112s2004 ck r 000 u spa d aCO-ViMGAbspacCO-ViMGA04aA864.6 M1711 aMartinez ; Tomas Eloy, 10aLugar común : bla Muerte aCaracas : bMonte Avila Editores C.A, c1978 a219p. aColección Documentos14aENSAYOS ARGENTINOS14aLITERATURA - ARGENTINA